| 000 | 00857nam0a2200277 i 4500 | ||
|---|---|---|---|
| 001 | RU\NLR\BIBL_A\011296586 | ||
| 005 | 20240726225427.0 | ||
| 010 |
_a9785990718951 _950 |
||
| 021 |
_aRU _b2016-92481 _96110 |
||
| 035 | _a(NLR Aleph) 011296586 | ||
| 090 |
_a10953598 _c10953598 |
||
| 100 | _a20161221d2015 u y0rusy50 ca | ||
| 101 | 0 | _arus | |
| 102 | _aRU | ||
| 105 | _aa z 000gy | ||
| 181 | 0 |
_ai _baxxe |
|
| 182 | 0 | _an | |
| 200 | 1 |
_aСемьястрой. Устав нашей семьи _fОльга Самоварова |
|
| 203 |
_aТекст _bвизуальный _cнепосредственный |
||
| 210 |
_aСанкт-Петербург _cСИНЭЛ _d2015 |
||
| 215 |
_a187 с. _d31 |
||
| 300 | _aНа обл. авт. не указан | ||
| 700 | 1 |
_aСамоварова _bО. _gОльга |
|
| 942 | _cBOOK | ||
| 980 | _aNBR | ||